000 01042cam a22002771 4500
001 3114026
005 19860415000000.0
008 721213s1965 nyu |rb 001 0 eng d
010 _a 65011126
040 _aDLC
_cDLC
_dDLC
043 _an-us---
050 0 0 _aHN64
_b.L29
082 0 0 _a305.5520973
_bLAS
_222
100 1 _aLasch, Christopher.
_910565
245 1 4 _aThe New Radicalism in America, 1889-1963:
_bThe Intellectual as a Social type/
_cChristopher Lasch
260 _aNew York:
_bKnopf, 1965
_c1965
300 _a1 v.;
_c22 cm.
500 _aDonated by Alaa Abdel Ghany
500 _aIncludes index
650 0 _aIntellectuals
_zUnited States.
_910566
650 0 _aProgressivism (United States politics)
_910567
651 0 _aUnited States
_xSocial conditions.
_910568
651 0 _aUnited States
_xCivilization
_y20th century.
_910569
942 _2ddc
_cBB
999 _c13185
_d13185